| 000 | 02135cam a22005294i 4500 | ||
|---|---|---|---|
| 003 | PE-LiUPU | ||
| 005 | 20250731172938.0 | ||
| 008 | 150623s r 000 0 d | ||
| 020 | _a0802840914 | ||
| 035 | _a(Sirsi) i9780802840912 | ||
| 040 |
_aPE-LiUPU _bspa _cPE-LiUPU _erda |
||
| 049 | _aPRUA | ||
| 082 | 0 | 4 |
_a261.1 _bW61 _221 |
| 100 | 1 |
_aWinter, Bruce W., _eautor. |
|
| 245 | 1 | 0 |
_aSeek the welfare of the city : _bChristians as benefactors and citizens / _cpor Bruce W. Winter. |
| 264 | 1 |
_aMichigan : _bWilliam B. Eerdmans Publishing Company, _c1994. |
|
| 300 |
_a245 p. : _b23 cm. |
||
| 336 |
_atext _2rdacontent |
||
| 337 |
_aunmediated _2rdamedia |
||
| 338 |
_avolume _2rdacarrier |
||
| 490 | 0 | _aFirst-Century Christian in the Graeco-Roman World series | |
| 504 | _aIncluye bibliografía. | ||
| 505 | 0 | _aSeeking the welfare of the city.- Civic honours for christian benefactors.- From secular clients to Christian benefactors.- Windows and legal and Christian benefactions.- Civic responsability.- Civil litigation.- Civil obligations.- Social mibility.- Civil rights.- An early Christian benefactor and prominent citizin. | |
| 526 | _aSEG42 | ||
| 526 | _aSEG41 | ||
| 526 | _aSEG40 | ||
| 526 | _aSEG39 | ||
| 526 | _aP94 | ||
| 526 | _aP87 | ||
| 526 | _aP86 | ||
| 526 | _aP85 | ||
| 526 | _aP77 | ||
| 526 | _aP76 | ||
| 526 | _aP35 | ||
| 650 | 0 | 4 |
_aBenefactores _zRoma. |
| 650 | 0 | 4 |
_aCristianos _xActividad política _zRoma. |
| 650 | 0 | 4 |
_aHistoria de la iglesia _yIglesia primitiva y principios, ca. 30-600. |
| 650 | 0 | 4 |
_aIglesia y mundo _xHistoria de las doctrinas _yIglesia primitiva, ca. 30-600. |
| 650 | 0 | 4 |
_aLíderes cívicos _zRoma. |
| 651 |
_aRoma _xCondiciones sociales. |
||
| 942 |
_2ddc _cBOOK |
||
| 949 |
_a261.1 W61 _wDEWEY _c1 _i44461 _lCCODEBUL1 _mBUL _r0 _sY _tBOOK _u2015-6-24 _xTEOLOGIA _PP35 _0COMPRA _o.STAFF. Colección General |
||
| 994 |
_aC0 _bPEPRU |
||
| 596 | _a1 | ||
| 999 |
_a261.1 W61 _wDEWEY _c21339 _i44461 _f2021-11-12 _g5 _lCCODEBUL1 _mBUL _r0 _sY _tBOOK _u2015-6-24 _xTEOLOGIA _PP35 _0COMPRA _o.STAFF. Colección General _d21339 |
||
| 980 |
_81 _gALBERTO SANCHEZ Responsable de Automatización |
||